Geography Quiz

Random Geography or City Quiz
Score 0/40 Timer 06:00
3 Plays Today
Category Rome Thing % Correct
CountryItaly
99.1%
Official LanguageItalian
94.2%
Serie A Football Team (Name One)A.S. Roma/ S.S. Lazio
93.7%
Local NameRoma
93.1%
Flag ColorMaroon
90.8%
Predominant ReligionRoman Catholic
78.7%
Largest Amphitheater Built Circa 70 CEColosseum
76.9%
Enclave Country within City LimitsVatican City
76.8%
Mythical City FounderRomulus
76.8%
Murdered Brother of City FounderRemus
75.9%
DemonymRoman
74.9%
Nearby SeaTyrrhenian Sea
68.5%
Population City Proper (millions)2.9 million
65.8%
RiverTiber
63.6%
Popular Wishing Fountain from 1762Trevi Fountain
59%
Roman Temple of 'All Gods'Pantheon
54.9%
RegionLazio
45%
NicknameThe Eternal City
44.4%
Number of Municipi15
44.2%
Flag ColorOrange
43.5%
Category Rome Thing % Correct
Current Bishop of RomeFrancis
43%
Year of Summer Olympics Hosting1960
40.8%
Four Letter Acronym on Its Coat of ArmsSPQR
40.6%
Stadium for Ancient Chariot RacesCircus Maximus
36.2%
The Seven Hills (Name One)Aventine, Caelian...
35.4%
Still Extant Road That Went to BrindisiAppian Way
35.4%
Time ZoneUTC +1
34.5%
Pre-Roman CivilizationEtruscan
34%
Underground Public Transportation SystemRome Metro
30.2%
Nation's Busiest AirportLeonardo da Vinci
28.2%
Year It Became the Capital of Italian Republic1946
22.1%
Largest StadiumStadio Olimpico
20.9%
MayorVirginia Raggi
19.9%
Year It Became the Capital of Kingdom of Italy1871
19.4%
Territory It Was the Capital of after 754 CEPapal States
16.4%
Extant Ancient Public BathsBaths of Diocletian
15%
Triumphal Column with a Spiral Bas ReliefTrajan's Column
14.8%
Largest Triumphal ArchArch of Constantine
13.8%
Rome's Oldest University (from 1303)Sapienza (U. of Rome)
13%
Either Set of Ancient Walls Around the CityServian or Aurelian Wall
9.9%

You're not logged in!

Compare scores with friends on all Sporcle quizzes.
OR
Log In

Sporcle TV

Today on Sporcle TV


Watch our educational content, quiz creation guides, and fun videos on Sporcle TV.

Show Comments

Extras

Top Quizzes Today


Score Distribution

Paid Content

Your Account Isn't Verified!

In order to create a playlist on Sporcle, you need to verify the email address you used during registration. Go to your Sporcle Settings to finish the process.

Report this User

Report this user for behavior that violates our Community Guidelines.

Details: